<?xml version="1.0" encoding="UTF-8"?>
<record
    xmlns:xsi="http://www.w3.org/2001/XMLSchema-instance"
    xsi:schemaLocation="http://www.loc.gov/MARC21/slim http://www.loc.gov/standards/marcxml/schema/MARC21slim.xsd"
    xmlns="http://www.loc.gov/MARC21/slim">

  <leader>00255nam a22001217a 4500</leader>
  <datafield tag="040" ind1=" " ind2=" ">
    <subfield code="c">SK</subfield>
  </datafield>
  <datafield tag="082" ind1=" " ind2=" ">
    <subfield code="a">337</subfield>
  </datafield>
  <datafield tag="100" ind1=" " ind2=" ">
    <subfield code="a">&#x1786;&#x17B6;&#x1799; &#x1782;&#x1784;&#x17D2;&#x1782;&#x17B6;</subfield>
  </datafield>
  <datafield tag="245" ind1=" " ind2=" ">
    <subfield code="a">International economics</subfield>
  </datafield>
  <datafield tag="260" ind1=" " ind2=" ">
    <subfield code="a">NEW YORK</subfield>
    <subfield code="b">&#x1786;&#x17B6;&#x1799;</subfield>
    <subfield code="c">NA</subfield>
  </datafield>
  <datafield tag="300" ind1=" " ind2=" ">
    <subfield code="a">754p.</subfield>
  </datafield>
  <datafield tag="942" ind1=" " ind2=" ">
    <subfield code="c">EK</subfield>
  </datafield>
  <datafield tag="999" ind1=" " ind2=" ">
    <subfield code="c">9838</subfield>
    <subfield code="d">9838</subfield>
  </datafield>
  <datafield tag="952" ind1=" " ind2=" ">
    <subfield code="0">0</subfield>
    <subfield code="1">0</subfield>
    <subfield code="4">0</subfield>
    <subfield code="6">337_000000000000000_&#x1786;&#x17B6;&#x1799;_NA_C065</subfield>
    <subfield code="7">0</subfield>
    <subfield code="9">52016</subfield>
    <subfield code="a">LBC</subfield>
    <subfield code="b">LBC</subfield>
    <subfield code="c">C065</subfield>
    <subfield code="d">2016-09-14</subfield>
    <subfield code="o">337 &#x1786;&#x17B6;&#x1799; NA C065</subfield>
    <subfield code="p">RUA058284</subfield>
    <subfield code="r">2016-09-14</subfield>
    <subfield code="y">EK</subfield>
  </datafield>
  <datafield tag="952" ind1=" " ind2=" ">
    <subfield code="0">0</subfield>
    <subfield code="1">0</subfield>
    <subfield code="4">0</subfield>
    <subfield code="6">337_000000000000000_&#x1786;&#x17B6;&#x1799;_NA_C065</subfield>
    <subfield code="7">0</subfield>
    <subfield code="9">52017</subfield>
    <subfield code="a">LBC</subfield>
    <subfield code="b">LBC</subfield>
    <subfield code="c">C065</subfield>
    <subfield code="d">2016-09-14</subfield>
    <subfield code="o">337 &#x1786;&#x17B6;&#x1799; NA C065</subfield>
    <subfield code="p">RUA047669</subfield>
    <subfield code="r">2016-09-14</subfield>
    <subfield code="y">EK</subfield>
  </datafield>
</record>
